Los mongoles en la historia / (Record no. 148063)

MARC details
000 -LEADER
campo de control de longitud fija 00531nam a2200169 4500
001 - NÚMERO DE CONTROL
campo de control 148063
003 - IDENTIFICADOR DE NÚMERO DE CONTROL
campo de control ES-MaACL
005 - FECHA Y HORA DE LA ÚLTIMA TRANSACCIÓN
campo de control 20230906202417.0
007 - CAMPO FIJO DE DESCRIPCIÓN FÍSICA--INFORMACIÓN GENERAL
campo de control de longitud fija t|
008 - DATOS DE LONGITUD FIJA--INFORMACIÓN GENERAL
campo de control de longitud fija 070214s1965 sp r ||||1| spa d
100 1# - ENTRADA PRINCIPAL--NOMBRE DE PERSONA
Nombre de persona Spuler, Bertold.
9 (RLIN) 107813
245 14 - MENCIÓN DEL TÍTULO
Título Los mongoles en la historia /
Mención de responsabilidad, etc. Bertold Spuler ; traducción de Luis Hernández Alfonso.
260 ## - PUBLICACIÓN, DISTRIBUCIÓN, ETC.
Lugar de publicación, distribución, etc. Madrid :
Nombre del editor, distribuidor, etc. Castillo,
Fecha de publicación, distribución, etc. 1965.
300 ## - DESCRIPCIÓN FÍSICA
Extensión 150 p., 3 lám. ;
Dimensiones 21 cm +
Material acompañante/anejo 3 map.
700 1# - ENTRADA AGREGADA--NOMBRE PERSONAL
Nombre de persona Hernández Alfonso, Luis.
9 (RLIN) 62874
852 ## - LOCALIZACIÓN
Ubicación ES-MaACL
Número de control de estantería C-29380
Sublocalización o colección R.59550
Holdings
Estatus retirado Estado de pérdida Estado de daño No para préstamo Biblioteca de origen Biblioteca actual Ubicación en estantería Fecha de adquisición Fuente de adquisición Total de préstamos Signatura topográfica completa Código de barras Visto por última vez Precio de reemplazo Tipo de ítem Koha
        Biblioteca del Ateneo de Madrid Biblioteca del Ateneo de Madrid Depósito 2 17/01/2008     C-29380 1154518 23/02/2023 23/02/2023 Libro impreso